Welcome to CU Library Online Public Access Catalogue (OPAC)

Mosby's complementary & alternative medicine : (Record no. 2663)

MARC details
000 -LEADER
fixed length control field 00714cam a22002297a 4500
001 - CONTROL NUMBER
control field 15157762
005 - DATE AND TIME OF LATEST TRANSACTION
control field 20250118130043.0
008 - FIXED-LENGTH DATA ELEMENTS--GENERAL INFORMATION
fixed length control field 080128s2009 stka b 001 0 eng
020 ## - INTERNATIONAL STANDARD BOOK NUMBER
International Standard Book Number 9780323053464
020 ## - INTERNATIONAL STANDARD BOOK NUMBER
International Standard Book Number 0323053467
050 00 - LIBRARY OF CONGRESS CALL NUMBER
Classification number R733
Item number .F784 2009
082 04 - DEWEY DECIMAL CLASSIFICATION NUMBER
Classification number 615.5
Edition information 22
100 1# - MAIN ENTRY--PERSONAL NAME
Personal name Freeman, Lynda W.
245 10 - TITLE STATEMENT
Title Mosby's complementary & alternative medicine :
Remainder of title a research-based approach /
Statement of responsibility, etc. Lyn W. Freeman.
250 ## - EDITION STATEMENT
Edition statement 3rd ed.
260 ## - PUBLICATION, DISTRIBUTION, ETC.
Place of publication, distribution, etc. Edinburgh :
Name of publisher, distributor, etc. Mosby Elsevier,
Date of publication, distribution, etc. c2009.
300 ## - PHYSICAL DESCRIPTION
Extent xxiii, 608 p. :
Other physical details ill. ;
Dimensions 28 cm.
500 ## - GENERAL NOTE
General note Previous ed.: 2004.
650 #0 - SUBJECT ADDED ENTRY--TOPICAL TERM
Topical term or geographic name entry element Alternative medicine.
650 #0 - SUBJECT ADDED ENTRY--TOPICAL TERM
Topical term or geographic name entry element Alternative medicine
Form subdivision Problems, exercises, etc.
942 ## - ADDED ENTRY ELEMENTS (KOHA)
Source of classification or shelving scheme Library of Congress Classification
Koha item type Books
Edition 3rd ed.
Suppress in OPAC No
999 ## -
-- 2663
-- 2663
Holdings
Withdrawn status Lost status Source of classification or shelving scheme Damaged status Not for loan Collection Home library Current library Shelving location Date acquired Total checkouts Full call number Barcode Date last seen Copy number Price effective from Koha item type
    Library of Congress Classification     Non-fiction Science Library (Miotso) Science Library (Miotso) General stacks 01/18/2025   R733 .F784 FRE SLM00001998 01/18/2025 1 01/18/2025 Books
    Library of Congress Classification     Non-fiction Science Library (Miotso) Science Library (Miotso) General stacks 01/18/2025   R733 .F784 FRE SLM00001999 01/18/2025 2 01/18/2025 Books
    Library of Congress Classification     Non-fiction Science Library (Miotso) Science Library (Miotso) General stacks 01/18/2025   R733 .F784 FRE SLM00002000 01/18/2025 3 01/18/2025 Books
    Library of Congress Classification     Non-fiction Science Library (Miotso) Science Library (Miotso) General stacks 01/18/2025   R733 .F784 FRE SLM00002001 01/18/2025 4 01/18/2025 Books
    Library of Congress Classification     Non-fiction Science Library (Miotso) Science Library (Miotso) Reference 12/11/2025   R733 .F784 FRE SLM00006597 12/11/2025 5 12/11/2025 Books
© 2023-2024 Copyright: Central University Libraries. All Rights Reserved | Created by: Mahone Tech Office